Statistics for All Formula 1 Tyrrell/BAR/Honda/Brawn/Mercedes drivers

Click here to take the quiz!

General Stats

  • This quiz has been taken 242 times
    (101 since last reset)
  • The average score is 22 of 52

Answer Stats

Years No. of races Name Nationality % Correct
2013–present106Lewis HamiltonUnited Kingdom
100%
1999–200382Jacques VilleneuveCanada
100%
2010–16136Nico RosbergGermany
99%
2006–0970Rubens BarrichelloBrazil
98%
2003–09121Jenson ButtonUnited Kingdom
98%
2010–1258Michael SchumacherGermany
94%
2003–0535Takuma SatoJapan
85%
1995–97, 199953Mika SaloFinland
84%
1974–7645Jody ScheckterSouth Africa
80%
1970–7341Jackie StewartUnited Kingdom
75%
199717Jos VerstappenNetherlands
72%
2001–0234Olivier PanisFrance
66%
1989–9024Jean AlesiFrance
59%
197717Ronnie PetersonSweden
59%
1981–83, 198949Michele AlboretoItaly
58%
1999–200030Ricardo ZontaBrazil
56%
1984–8641Martin BrundleUnited Kingdom
55%
2017–present28Valtteri BottasFinland
55%
1970–73 †41François CevertFrance
54%
1993–9664Ukyo KatayamaJapan
51%
20051Anthony DavidsonUnited Kingdom
48%
1990–9132Satoru NakajimaJapan
47%
1972, 1974–7880Patrick DepaillerFrance
47%
1978–7931Didier PironiFrance
46%
1984–855Stefan JohanssonSweden
44%
199416Mark BlundellUnited Kingdom
42%
19892Johnny HerbertUnited Kingdom
33%
1979–8017Derek DalyIreland
33%
19732Chris AmonNew Zealand
27%
1992–9332Andrea de CesarisItaly
27%
198115Eddie CheeverUnited States
25%
1987–8948Jonathan PalmerUnited Kingdom
25%
199816Ricardo RossetBrazil
25%
199816Toranosuke TakagiJapan
24%
1979–8027Jean-Pierre JarierFrance
24%
1984–8522Stefan BellofGermany
22%
19751Jean-Pierre JabouilleFrance
22%
199116Stefano ModenaItaly
19%
1985–8733Philippe StreiffFrance
16%
19852Ivan CapelliItaly
15%
198315Danny SullivanUnited States
14%
1980, 19843Mike ThackwellNew Zealand
13%
198816Julian BaileyUnited Kingdom
12%
19711Peter RevsonUnited States
11%
19951Gabriele TarquiniItaly
11%
199216Olivier GrouillardFrance
9%
19823Slim BorguddSweden
9%
198213Brian HentonUnited Kingdom
8%
19812Ricardo ZuninoArgentina
8%
19811Kevin CoganUnited States
5%
19751Michel LeclèreFrance
4%
19791Geoff LeesUnited Kingdom
4%

Score Distribution

Percentile by Number Answered

Percent of People with Each Score

Your Score History

You have not taken this quiz since the last reset